উপাধ্যায় ব্রহ্মবান্ধব ও ভারতীয় জাতীয়তাবাদ / (Record no. 2265)
[ view plain ]
| 000 -LEADER | |
|---|---|
| fixed length control field | 00798nam a2200205 a 4500 |
| 001 - CONTROL NUMBER | |
| JCCL Control Number | 2265 |
| 003 - CONTROL NUMBER IDENTIFIER | |
| JCCL marc code | BD-JhCC |
| 005 - DATE AND TIME OF LATEST TRANSACTION | |
| control field | 20171031172239.0 |
| 008 - FIXED-LENGTH DATA ELEMENTS--GENERAL INFORMATION | |
| fixed length control field | 171031s1961 bg |||| |||| 000 0 ben d |
| 035 ## - SYSTEM CONTROL NUMBER | |
| system control number | (BD-JhCC)2265 |
| 040 ## - CATALOGING SOURCE | |
| Original cataloging agency | BD-JhCC |
| Modifying agency | BD-JhCC |
| 041 ## - LANGUAGE CODE | |
| Language code of Book | ben |
| 082 ## - DEWEY DECIMAL CLASSIFICATION NUMBER | |
| Classification number | 891.4409 |
| Author mark and Year | MUK 1961 |
| 100 ## - MAIN ENTRY--PERSONAL NAME | |
| Personal name | মুখোপধ্যায়, হরিদাস |
| 245 ## - TITLE STATEMENT | |
| Title | উপাধ্যায় ব্রহ্মবান্ধব ও ভারতীয় জাতীয়তাবাদ / |
| Statement of responsibility, etc | হরিদাস মুখোপধ্যায় |
| 260 ## - PUBLICATION, DISTRIBUTION, ETC. (IMPRINT) | |
| Place of publication, distribution, etc | কলিকাতা : |
| Name of publisher, distributor, etc | ফার্মা কে এল মুখোপধ্যায় ; |
| Date of publication, distribution, etc | ১৯৬১ |
| 300 ## - PHYSICAL DESCRIPTION | |
| Pagination | ২২৭ পৃ.: |
| Dimensions | ২২ সে.মি. |
| 650 ## - SUBJECT ADDED ENTRY--TOPICAL TERM | |
| Topical term or geographic name as entry element | Bengali Literature |
| 942 ## - ADDED ENTRY ELEMENTS (KOHA) | |
| Source of classification or shelving scheme | Dewey Decimal Classification |
| Koha item type | Books |
| Source of classification or shelving scheme | Damaged status | Not for loan | Home library | Current library | Date of accession | Total Checkouts | Full call number | Barcode | Date last seen | Koha item type |
|---|---|---|---|---|---|---|---|---|---|---|
| Dewey Decimal Classification | JCC Rouf Library | JCC Rouf Library | 10/31/2017 | 891.4409 MUK 1961 | 3279 | 10/31/2017 | Books |